The mariner and the maritime law (Record no. 12610)

000 -LEADER
fixed length control field 00301nam a22001217a 4500
008 - FIXED-LENGTH DATA ELEMENTS--GENERAL INFORMATION
fixed length control field 241220b 1993 ||||| |||| 00| 0 eng d
082 ## - DEWEY DECIMAL CLASSIFICATION NUMBER
Classification number 368.2
Item number TNI
100 ## - MAIN ENTRY--PERSONAL NAME
Personal name TNI
245 ## - TITLE STATEMENT
Title The mariner and the maritime law
260 ## - PUBLICATION, DISTRIBUTION, ETC. (IMPRINT)
Place of publication, distribution, etc London
Name of publisher, distributor, etc The Nautical Institute
Date of publication, distribution, etc 1993
300 ## - PHYSICAL DESCRIPTION
Extent 58p.
942 ## - ADDED ENTRY ELEMENTS (KOHA)
Item type Books
Holdings
Withdrawn status Lost status Source of classification or shelving scheme Damaged status Not for loan Collection code Permanent location Current location Shelving location Date acquired Full call number Barcode Date last seen Koha item type Public note
          Non-fiction IMU-MPC Library IMU-MPC Library General Stacks 2024-12-20 368.2 TNI LBS9737 2025-03-17 Books Column-12
Copyright © 2021 Indian Maritime University, Mumbai Port Campus. All Rights Reserved. Managed & Maintained by Central Library, IMU-Mumbai

webs counters

Powered by Koha